000
00297nam a22001217a 4500
005
20200604110755.0
008
200604b xxu||||| |||| 00| 0 eng d
082
_a
345.4 AIR
245
_a
The All India Reporter1966 (V-53) ALLAHABAD Section
300
_a
384p.
650
_a
LAW
_9
5701
942
_c
JRL
999
_c
6809
_d
6807